000 00827nam a2200241Ia 4500
008 191130s2009##################000#0#eng##
020 _a9780071498869
022 _a2008022963
040 _aACL
_cACL
082 _a333.3380973 MAR
100 _aMartinez, Matthew A
245 _aInvesting in apartment buildings : create a reliable stream of income and build long-term wealth
_cMatthew A. Martinez
260 _aNew York
_bMcGraw-Hill
_cc2009
300 _axi, 223 p. : ill. ; 23 cm
500 _aIncludes bibliographical references (p. 191-192) and index
650 _aApartment houses
650 _aApartment houses - United States
650 _aReal estate investment
650 _aReal estate investment - United States
990 _a8f4c29b4ac10000c4f00af42001a5244
991 _a201679
999 _c220630
_d220630